000 01029nam a2200313 i 4500
001 000037680
003 DO-SdBNP
005 20240305133211.0
007 ta
008 121115s2012 dr 000 0 spa d
020 _a9789945883800
040 _aDO-SdBNP
_bspa
_cBNPHU
_erda
082 4 _aRD861.64
_bZ39d
_222
100 1 _aZazo Martín, Oscar
_d1960-
_eautor
_964140
245 1 0 _aDestiempos y otros cuentos /
_cOscar Zozo Martín.
264 _aPuerto Plata, República Dominicana :
_bSociedad Cultural de Renovación,
_c2012.
300 _a59 páginas ;
_c22 cm.
336 _2rdacontent
_atexto
_btxt
337 _2 rdamedia
_asin mediación
_bn
338 _2rdacarrier
_avolumen
_bnc
490 0 _aPor nuestro país primero
586 _aPremio Jaime Colson, Género Cuento
590 _aInventariado, 2023/MFF
650 4 _aCuentos españoles
_93194
650 4 _aLiteratura española
_9632
830 0 _aPor nuestro país primero
_98308
910 _aValidado. Control de calidad MFF
942 _2ddc
_cLBS1
999 _c37170
_d37170